El primer amor

Uloženo v:
Podrobná bibliografie
Hlavní autor: Blest Gana, Alberto (Autor)
Médium: Kniha
Jazyk:španělština
Vydáno: Santiago Zig Zag 1949
Vydání:1a. ed
Edice:Biblioteca de Escritores Chilenos
Témata:
Tagy: Přidat tag
Žádné tagy, Buďte první, kdo vytvoří štítek k tomuto záznamu!

MARC

LEADER 00000nam a2200000 a 4500
001 UCJ3911
003 CL-VaPUC
008 070124e19490000CL |||||||||||||||||spa|d
082 0 4 |a Ch863  |b BLE  |2 21 
100 |a Blest Gana, Alberto  |e author  |9 344235 
245 1 3 |a El primer amor 
250 |a 1a. ed 
300 |a 165 p 
942 |c BK 
945 |d 20070124 00:00:00  |a rinostro 
260 |a Santiago  |b Zig Zag  |c 1949 
500 |a Portada de Gustavo Carrasco Délano 
600 0 7 |a CARRASCO DELANO, GUSTAVO  |2 CL-VaPUC  |9 506482 
650 0 |a Novela chilena   |9 307631 
650 7 |a NOVELA COSTUMBRISTA  |2 CL-VaPUC  |9 504877 
583 |a last modification  |c 20070124 00:00:00  |k Rodrigo Vera 
490 0 |a Biblioteca de Escritores Chilenos 
999 |c 320030  |d 320028 
952 |0 0  |1 0  |4 0  |6 CH_863_000000000000000_BLE_1949  |7 0  |8 X  |9 398477  |a FDOBUD  |b FDOBUD  |d 2019-11-22  |i 1010921  |o Ch863 BLE 1949  |p 1010921  |r 2019-11-22  |w 2019-11-22  |y BK_X  |k BUD